Macromolecules: An introduction to polymer science (Record no. 35374)

MARC details
000 -LEADER
fixed length control field 00307nam a2200121Ia 4500
082 ## - DEWEY DECIMAL CLASSIFICATION NUMBER
Classification number 678
Item number BOV
245 #0 - TITLE STATEMENT
Title Macromolecules: An introduction to polymer science
260 ## - PUBLICATION, DISTRIBUTION, ETC. (IMPRINT)
Place of publication New York
Year of publication 1979
700 ## - ADDED ENTRY--PERSONAL NAME
Personal name Bovey, F A
700 ## - ADDED ENTRY--PERSONAL NAME
Personal name Winslow, F A
942 ## - ADDED ENTRY ELEMENTS (KOHA)
Koha item type Books
Holdings
Withdrawn status Lost status Damaged status Not for loan Home library Current library Date acquired Cost, normal purchase price Full call number Accession Number Koha item type
        RRII Library RRII Library 16/12/2021 42.50 678 BOV 15799 Books